SESC: Terreiro da tradicao

Saved in:
書目詳細資料
企業作者: Servico Social do Comércio (Author)
格式: 圖書
語言:葡萄牙语
出版: Fortaleza Servico Social do Comercio 2010
版:1a. ed
主題:
標簽: 添加標簽
沒有標簽, 成為第一個標記此記錄!

MARC

LEADER 00000cam a2200000 a 4500
001 UCC1443
003 CL-VaPUC
008 171025e20100000bl |||||||||||||||||por|d
020 |a 9788563991003 
082 0 4 |a 306.4  |b SER  |2 21 
110 2 |a Servico Social do Comércio  |e author  |9 595532 
245 1 0 |a SESC: Terreiro da tradicao 
250 |a 1a. ed 
300 |a 289 p 
942 |c BK 
945 |d 20171025 21:08:00  |a arojas 
260 |a Fortaleza  |b Servico Social do Comercio  |c 2010 
650 0 |a Vida social y costumbres  |9 258725 
650 0 |a Cultura popular  |9 307504 
650 7 |a MEMORIAS  |2 CL-VaPUC  |9 269159 
650 7 |a TRADICIONES  |2 CL-VaPUC  |9 367367 
651 0 |a Brasil  |9 267393 
583 |a last modification  |c 20171025 21:08:00  |k Rodrigo Vera 
999 |c 369946  |d 369944 
952 |0 0  |1 0  |3 erb  |4 0  |6 306_400000000000000_SER_2010  |7 0  |8 X  |9 486130  |a FDOMLP  |b FDOMLP  |i 5432154  |o 306.4 SER 2010  |p 5432154  |r 2019-11-24  |w 2019-11-24  |y BK_X  |z Catalogado en:20171025  |k BU2